El procedimiento silencio /

Đã lưu trong:
Chi tiết về thư mục
Tác giả chính: Virilio, Paul (autor)
Định dạng: Sách
Ngôn ngữ:Tiếng Tây Ban Nha
Được phát hành: Buenos Aires, Argentina : Paidós, 2003, c2003
Loạt:(Espacios del Saber ; 26)
Những chủ đề:
Các nhãn: Thêm thẻ
Không có thẻ, Là người đầu tiên thẻ bản ghi này!

MARC

LEADER 00000nam^a2200000^a^4500
001 000165646
005 20250521000000.0
009 20260310101025.412
020 |a 950-12-6526-9 
037 |a Acervo ITESO - Biblioteca 
041 |a ESP 
082 |a 701. 17  |b VIR 
100 |a Virilio, Paul  |e (autor) 
245 1 3 |a El procedimiento silencio /  |c P. Virilio ; introd. de Andrea Giuinta ; tr. por Jorge Fondebrider. 
264 4 |a Buenos Aires, Argentina :  |b Paidós,  |c 2003, c2003 
300 |a 112 p. 
336 |a texto  |b txt  |2 rdacontenido 
337 |a sin mediación  |b n  |2 rdamedio 
338 |a volumen  |b nc  |2 rdasoporte 
440 1 |a (Espacios del Saber ;  |v 26) 
500 |a Traducción de: La Procédure silence 
649 |a XX 
650 |a Arte Moderno -  |x Historia y Crítica 
650 |a Medios de Comunicación 
650 |a Recepción y Apreciación del Arte 
650 |a Modernidad y Posmodernidad 
650 |a Deconstrucción 
650 |a Filosofía del Siglo XX 
650 |a Sociedad Postindustrial 
650 |a Sociología de la Cultura 
650 |a Estética 
910 |a Fondo General 
920 |a Impresos - Libros 
930 |a Colección General 
905 |a 101 
901 |a 0500101128  |b IT1  |c ACC  |u 20250521 
902 |a https://opac.biblio.iteso.mx/vufind/Record/000165646